000 02208cam a2200325 a 4500
001 15362739
005 20090616132201.0
008 080711s2009 enka b 001 0 eng
010 _a 2008029967
020 _a023054715X (alk. paper)
020 _a9780230547155 (alk. paper)
035 _a(OCoLC)ocn181600991
040 _aDLC
_cDLC
_dBTCTA
_dBAKER
_dYDXCP
_dBWKUK
_dBWK
_dCDX
_dIXA
_dPMC
_dDLC
043 _ae-uk---
050 0 0 _aJZ1242
_b.T485 2009
082 0 0 _a327.101
_222
_bTHE
245 0 0 _aTheorising international society :
_bEnglish school methods /
_cEdited by Cornelia Navari.
246 3 _aTheorizing international society
260 _aBasingstoke [England] :
_bPalgrave Macmillan,
_cc2009.
300 _aviii, 248 p. :
_c23 cm.
490 0 _aPalgrave studies in international relations ;
504 _aIncludes bibliographical references and index.
505 0 _aInternational relations as a craft discipline / Robert Jackson -- What the classical English school was trying to explain, and why its members were not interested in causal explanation / Cornelia Navari -- Constructivism and the English school / Christian Reus-Smit -- History, theory and methodological pluralism in the English school / Richard Little -- International society as an ideal type / Edward Keene -- Theorising the causes of order : Hedley Bull's The anarchical society / K.J. Holsti -- The English school and the activity of being an historian / William Bain -- The English school's approach to international law / Peter Wilson -- Law, power and the expansion of international society / B.A. Roberson -- The limits of progress : normative reasoning in the English school / James Mayall.
650 0 _aInternational relations
_xPhilosophy.
_98126
650 0 _aInternational relations
_xStudy and teaching
_zGreat Britain.
_98127
700 1 _aNavari, Cornelia
_d1941-
_98128
942 _2ddc
_cBB
999 _c12419
_d12419